Datos para la Historia de la Anatomía y Cirugía españolas en los siglos XVIII y XIX (Record no. 60221)

MARC details
000 -LEADER
campo de control de longitud fija 00582nam a2200157 i 4500
001 - NÚMERO DE CONTROL
campo de control 60221
003 - IDENTIFICADOR DE NÚMERO DE CONTROL
campo de control ES-MaACL
005 - FECHA Y HORA DE LA ÚLTIMA TRANSACCIÓN
campo de control 20230906164200.0
007 - CAMPO FIJO DE DESCRIPCIÓN FÍSICA--INFORMACIÓN GENERAL
campo de control de longitud fija t|
008 - DATOS DE LONGITUD FIJA--INFORMACIÓN GENERAL
campo de control de longitud fija 031103s1916 sp ||||1| spa d
100 1# - ENTRADA PRINCIPAL--NOMBRE DE PERSONA
Nombre de persona Escribano y García, Víctor.
9 (RLIN) 47645
245 10 - MENCIÓN DEL TÍTULO
Título Datos para la Historia de la Anatomía y Cirugía españolas en los siglos XVIII y XIX
Resto del título : discurso leido en la inauguración del curso de 1916-1917 en la Universidad de Granada /
Mención de responsabilidad, etc. Victor Escribano y García.
260 ## - PUBLICACIÓN, DISTRIBUCIÓN, ETC.
Lugar de publicación, distribución, etc. Granada :
Nombre del editor, distribuidor, etc. [s.n.,
Fecha de publicación, distribución, etc. 1916]
300 ## - DESCRIPCIÓN FÍSICA
Extensión 112 p. ;
Dimensiones 29 cm.
852 ## - LOCALIZACIÓN
Ubicación ES-MaACL
Número de control de estantería 1536-F-6
Holdings
Estatus retirado Estado de pérdida Estado de daño No para préstamo Colección Biblioteca de origen Biblioteca actual Ubicación en estantería Fecha de adquisición Fuente de adquisición Total de préstamos Signatura topográfica completa Código de barras Visto por última vez Precio de reemplazo Tipo de ítem Koha
        Colección de folletos Biblioteca del Ateneo de Madrid Biblioteca del Ateneo de Madrid Depósito folletos 17/01/2008     1536-F-6 1063166 23/02/2023 23/02/2023 Folleto